| 000 | 00685nam a2200229 a 4500 | ||
|---|---|---|---|
| 001 | BRCA_6955 | ||
| 005 | 20190320205646.0 | ||
| 008 | 181111s1953----enka######---#000-0#eng-# | ||
| 041 | _aeng | ||
| 044 | _aenk | ||
| 050 | 4 |
_aND813 Z8 _b.S67 1953 |
|
| 100 | 1 |
_aSoria, Martin S. _912006 |
|
| 245 | 1 | 0 |
_aThe paintings of Zurbaran _ccomplete edition by Martin S. Soria |
| 260 |
_aLondres _bPhaidon _c1953 |
||
| 300 |
_ax, 199 p. (p. [35]-[130]) _bil. (algunas a color), 280 láminas _c31 cm. |
||
| 500 | _aO192 | ||
| 600 | 1 | 4 |
_aZurbarán, Francisco de _d1598-1664 _913651 |
| 650 | 1 | 4 |
_aPinturas españolas _97789 |
| 650 | 1 | 4 |
_aPintores españoles _97620 |
| 902 | _aGFM | ||
| 942 |
_2lcc _cB |
||
| 999 |
_c6637 _d6637 |
||